000 00342pam a2200157a 44500
008 230515b2009 xxu||||| |||| 00| 0 eng d
020 _a9788131506912
041 _aENGLISH
082 _a0
100 _aHUANG
245 _aPIC MICROCONTROLLERS
250 _a0
260 _aPUNE
_bDELMAR PUB
_c2009
300 _a790
650 _aNULL
999 _c603838
_d603838